Mathematical applications in agriculture

Uloženo v:
Podrobná bibliografie
Hlavní autor: Mitchell, Nia H.
Médium: Kniha
Jazyk:Undetermined
Vydáno: Australia Thomson 2004
Témata:
Tagy: Přidat tag
Žádné tagy, Buďte první, kdo otaguje tento záznam!
Thư viện lưu trữ: Trung tâm Học liệu Trường Đại học Cần Thơ
LEADER 00507nam a2200193Ia 4500
001 CTU_93434
008 210402s9999 xx 000 0 und d
020 |c 422000 
082 |a 640.21 
082 |b M681 
100 |a Mitchell, Nia H. 
245 0 |a Mathematical applications in agriculture 
245 0 |c Nia H. Mitchell 
260 |a Australia 
260 |b Thomson 
260 |c 2004 
650 |a Agricultural mathematics 
904 |i Giang 
980 |a Trung tâm Học liệu Trường Đại học Cần Thơ